Statistiques concernant Sélection de Tuiles - Oeuvres selon le musée

Cliquez ici pour prendre le quiz!

Statistiques générales

  • Ce quiz a été pris 18 fois
    (17 depuis la dernière actualisation)
  • Le résultat moyen est 52 sur 100

Statistiques - réponses

QuestionTuileSelect% Correct
du musée du Louvre à ParisNon
100%
du musée du Louvre à ParisNon
100%
du musée du Louvre à ParisNon
100%
du musée du Louvre à ParisNon
94%
du musée du Louvre à ParisOui
94%
du musée du Louvre à ParisNon
94%
du musée du Louvre à ParisNon
94%
du musée du Louvre à ParisNon
88%
du musée du Louvre à ParisNon
88%
du musée du Louvre à ParisNon
82%
du musée du Louvre à ParisNon
82%
de la National Gallery à LondresNon
76%
de la National Gallery à LondresNon
76%
de la National Gallery à LondresNon
76%
de la National Gallery à LondresNon
76%
du MoMA à New YorkNon
71%
du MoMA à New YorkNon
71%
du MoMA à New YorkNon
71%
de la National Gallery à LondresNon
71%
du MoMA à New YorkNon
71%
du MoMA à New YorkNon
71%
du MoMA à New YorkNon
71%
de la National Gallery à LondresNon
71%
de la National Gallery à LondresNon
71%
de la National Gallery à LondresNon
71%
du MoMA à New YorkNon
71%
de la Galerie des Offices à FlorenceNon
65%
de la Galerie des Offices à FlorenceNon
65%
du MoMA à New YorkNon
65%
du MoMA à New YorkNon
65%
du MoMA à New YorkNon
65%
de la National Gallery à LondresNon
65%
du musée du Louvre à ParisNon
65%
du musée du Louvre à ParisNon
65%
de la Galerie des Offices à FlorenceNon
65%
de la Galerie des Offices à FlorenceNon
65%
du musée de l'Ermitage à Saint PétersbourgNon
59%
de la Galerie des Offices à FlorenceNon
59%
du MoMA à New YorkNon
59%
de la Galerie des Offices à FlorenceNon
59%
de la Galerie des Offices à FlorenceNon
59%
de la Galerie des Offices à FlorenceNon
59%
de la Galerie des Offices à FlorenceNon
59%
du MoMA à New YorkNon
59%
du musée de l'Ermitage à Saint PétersbourgNon
59%
du musée de l'Ermitage à Saint PétersbourgNon
59%
du musée du Louvre à ParisOui
59%
du musée de l'Ermitage à Saint PétersbourgNon
59%
du musée de l'Ermitage à Saint PétersbourgNon
59%
du musée de l'Ermitage à Saint PétersbourgNon
59%
de la National Gallery à LondresNon
59%
du musée de l'Ermitage à Saint PétersbourgNon
59%
du musée de l'Ermitage à Saint PétersbourgNon
59%
de la National Gallery à LondresNon
59%
de la Galerie des Offices à FlorenceNon
53%
de la National Gallery à LondresNon
53%
du musée de l'Ermitage à Saint PétersbourgNon
53%
du musée du Louvre à ParisOui
53%
du musée de l'Ermitage à Saint PétersbourgNon
53%
du musée de l'Ermitage à Saint PétersbourgNon
53%
de la Galerie des Offices à FlorenceNon
53%
du musée de l'Ermitage à Saint PétersbourgNon
53%
du musée de l'Ermitage à Saint PétersbourgNon
53%
du MoMA à New YorkOui
47%
du MoMA à New YorkOui
47%
du musée de l'Ermitage à Saint PétersbourgNon
47%
de la Galerie des Offices à FlorenceNon
41%
du musée de l'Ermitage à Saint PétersbourgNon
41%
du musée du Louvre à ParisOui
41%
de la National Gallery à LondresOui
41%
de la Galerie des Offices à FlorenceOui
35%
de la Galerie des Offices à FlorenceOui
35%
du musée de l'Ermitage à Saint PétersbourgOui
29%
du musée du Louvre à ParisOui
29%
de la National Gallery à LondresOui
29%
de la National Gallery à LondresOui
29%
du musée de l'Ermitage à Saint PétersbourgOui
29%
de la National Gallery à LondresOui
29%
du MoMA à New YorkOui
29%
de la Galerie des Offices à FlorenceOui
29%
de la Galerie des Offices à FlorenceOui
29%
du MoMA à New YorkOui
24%
du musée du Louvre à ParisOui
24%
de la Galerie des Offices à FlorenceOui
24%
du MoMA à New YorkOui
24%
de la National Gallery à LondresOui
24%
de la Galerie des Offices à FlorenceOui
24%
de la National Gallery à LondresOui
18%
de la National Gallery à LondresOui
18%
du musée de l'Ermitage à Saint PétersbourgOui
18%
du MoMA à New YorkOui
18%
du musée du Louvre à ParisOui
18%
du musée de l'Ermitage à Saint PétersbourgOui
18%
du MoMA à New YorkOui
12%
de la Galerie des Offices à FlorenceOui
12%
du musée du Louvre à ParisOui
12%
du musée de l'Ermitage à Saint PétersbourgOui
12%
de la National Gallery à LondresOui
12%
du MoMA à New YorkOui
6%
de la Galerie des Offices à FlorenceOui
6%

Distribution des résultats

Percentile par nombre de réponses

% des personnes avec chaque résultat

Votre développement - résultats

Vous n’avez pas pris ce quiz depuis la dernière actualisation